| 000 | 01465nam a2200325 a 4500 | ||
|---|---|---|---|
| 999 |
_c418452 _d418452 |
||
| 003 | BLK | ||
| 005 | 20250623100746.0 | ||
| 008 | 180408b bul|||||r ||||||| ||bul|| | ||
| 020 | _a9786190107057 | ||
| 040 | _aBLK | ||
| 041 |
_aBUL _cBUL |
||
| 080 |
_aФренска литература _b821.133.1 _x-191 _z821.133.1-191 |
||
| 100 | 1 |
_aЛафонтен, Жан дьо _eпърви автор _987853 |
|
| 139 |
_aЛафонтен, Жан дьо _bЛ 28 |
||
| 245 | 1 | 0 |
_aБасни _cЖан дьо Лафонтен; прев. от фр. Атанас Сугарев; ил. Франсоа Шово |
| 250 | _aново изд. | ||
| 257 | _aFRA | ||
| 260 |
_bИзток-Запад _c2020 _aСофия _9210881 _n978-619-01- ; 978-619-152- ; 978-954-321- ; 954-8945- |
||
| 300 |
_a583 с. _bс ил. _c25 см |
||
| 380 | _aX | ||
| 490 |
_9208264 _aКолекция Върхове |
||
| 500 | _aОриг. загл.: Oeuvres complètes / Jean de La Fontaine Други прев.: Паисий Христов, Стоян Атанасов; Баснописецът Лафонтен / Стоян Атанасов: с. 5-13. | ||
| 700 | 1 |
_aШово, Франсоа _eил. _964690 |
|
| 700 |
_aСугарев, Атанас Димитров _eпрев. от фр. _9317594 |
||
| 852 |
_aЦб 307582 _bЦб |
||
| 856 | 4 |
_qpdf _i0.00 _ldisable |
|
| 856 | 4 |
_qpdf _i0.00 _ldisable |
|
| 942 |
_cKNG _n0 _06 _s1 |
||
| 944 |
_aCR _c2021-06-08 _k30542 _lРусанова Ирена |
||